Z jakimi państwami polska przegrała na Stadionie Narodowym - Statystyki

Ogólne statystyki
  • Ten quiz został rozwiązany 48 razy
  • Średni wynik to 3 z 5
Statystyki odpowiedzi
Hint Odpowiedź % Poprawnych
0:2 Holandia
78%
0:1 Belgia
76%
1:3 Ukraina
70%
1:2 Węgry
68%
0:1 Szkocja
51%
Nie znaleziono quizów pasujących do podanych kryteriów
Rozkład punktacji
Procent ludzi z każdym wynikiem
Percentyl według liczby udzielonych odpowiedzi
Twoja historia wyników
Nie rozwiązałeś tego quizu